Democracia y educación /
Tras siete años de dictadura militar, los argentinos recuperamos la democracia en 1983. Con esperanzas y mucho entusiasmo, iniciamos un camino con confianza en el futuro. Días de democracia propone un recorrido por las distintas épocas de las que fuimos testigos: testimonios inolvidales, momentos cl...
Guardado en:
| Autor Principal: | |
|---|---|
| Autor Corporativo: | |
| Otros Autores: | |
| Formato: | |
| Publicado: |
Argentina,
2013
|
| Series: | Archivos de la Democracia
|
| Materias: | |
| Acceso en línea: | https://www.educ.ar/recursos/120689/democracia-y-educacion |
| Etiquetas: |
Agregar Etiqueta
Sin Etiquetas, Sea el primero en etiquetar este registro!
|
| LEADER | 01453ngm a22003375g 4500 | ||
|---|---|---|---|
| 001 | CEM.cems023626 | ||
| 008 | 130507s2013##################0###0#####d | ||
| 005 | 20250617192808.0 | ||
| 245 | 1 | 0 | |a Democracia y educación / |c Federico Randazzo. |
| 260 | |a Argentina, |c 2013 | ||
| 300 | |a 27'. | ||
| 490 | 0 | |a Archivos de la Democracia | |
| 520 | |a Tras siete años de dictadura militar, los argentinos recuperamos la democracia en 1983. Con esperanzas y mucho entusiasmo, iniciamos un camino con confianza en el futuro. Días de democracia propone un recorrido por las distintas épocas de las que fuimos testigos: testimonios inolvidales, momentos clave y el recuerdo de imágenes imborrables de la memoria colectiva. Ciclo elaborado en el marco del cumplimiento de los 30 años de democracia. | ||
| 500 | |a Consultar en ventanilla. | ||
| 538 | |a Soporte: DVD - Color: Si - Grabación DRD | ||
| 100 | 1 | |a Randazzo, Federico | |
| 700 | 1 | |a Carnaghi, Roberto; Locución. | |
| 710 | 2 | |a Canal Encuentro. | |
| 082 | 3 | 4 | |/ RAN |
| 653 | |a SOCIEDAD | ||
| 653 | |a DEMOCRACIA | ||
| 653 | |a INSTRUCCION CIVICA | ||
| 653 | |a POLITICA | ||
| 653 | |a DERECHO | ||
| 653 | |a DERECHO CONSTITUCIONAL | ||
| 653 | |a HISTORIA | ||
| 653 | |a HISTORIA ARGENTINA | ||
| 653 | |a EDUCACION | ||
| 653 | |a SERIE DE TELEVISIÓN | ||
| 856 | |u https://www.educ.ar/recursos/120689/democracia-y-educacion | ||
| 859 | |a CEMS |b BIB. CEMS - Depto. Recursos Didacticos |h 342 |i RAN |k DRD |p 2269.15 |t Ej.1 | ||
